[Event "POL-chT U19 1st League"]
[Site "Maslow Pierwszy"]
[Date "2014.07.27"]
[Round "3"]
[White "Chmielewski, Jakub"]
[Black "Chylewski, Patryk"]
[Result "0-1"]
[WhiteElo "1936"]
[BlackElo "1909"]
[PlyCount "150"]
[EventDate "2014.07.25"]
[EventType "team-tourn"]
[EventRounds "9"]
[EventCountry "POL"]
[SourceTitle "EXT 2015"]
[Source "ChessBase"]
[SourceDate "2014.11.20"]
[SourceVersion "1"]
[SourceVersionDate "2014.11.20"]
[SourceQuality "1"]
[WhiteTeam "Wroclaw MUKS MDK Srodmiescie U19"]
[BlackTeam "Chylice KS Laura U19"]
[WhiteTeamCountry "POL"]
[BlackTeamCountry "POL"]

1. e4 c5 2. Nf3 d6 3. d4 cxd4 4. Nxd4 Nf6 5. Nc3 a6 6. Bg5 Nbd7 7. Bc4 Qa5 8. Qd2 e6 9. 0-0-0 b5 10. Bd5 b4 11. Bxa8 bxc3 12. bxc3 Ne5 13. Nb3 Qa3+ 14. Kb1 Nc4 15. Qc1 Qa4 16. Rhe1 Be7 17. f4 h6 18. Bh4 0-0 19. g3 d5 20. Rd4 Ba3 21. Qd1 Nxe4 22. Rdxe4 dxe4 23. Bxe4 Qb5 24. Bd3 Bb7 25. Re5 Qc6 26. Bxc4 Qxc4 27. Qd3 Qc6 28. Re1 Rc8 29. g4 Qb6 30. Qd4 Bc5 31. Qe5 a5 32. Ka1 Bd5 33. Rb1 a4 34. Nxc5 Qxc5 35. Rb8 Qc4 36. Rxc8+ Qxc8 37. Qd4 a3 38. Bf2 Qa6 39. c4 Bxc4 40. Qc3 Bd5 41. Be1 Qe2 42. Qd2 Qxg4 43. Kb1 Qf3 44. Qc1 Qe4 45. Bc3 Qa4 46. Bd2 Be4 47. Bc3 Qb5+ 48. Ka1 Qe2 49. Qd2 Qf1+ 50. Qe1 Qxf4 51. Kb1 Bd5 52. Qd2 Qf1+ 53. Qe1 Qb5+ 54. Bb4 Qc4 55. Qc3 Qxa2+ 56. Kc1 Qb2+ 57. Qxb2 axb2+ 58. Kxb2 g5 59. Kc3 e5 60. Kd3 Kg7 61. c4 Bc6 62. Ke3 f5 63. Bd6 Kf6 64. Bc7 Ke6 65. Ba5 f4+ 66. Kf2 Kf5 67. Bb4 e4 68. Bf8 h5 69. Be7 g4 70. Bd6 e3+ 71. Kf1 Ke4 72. Be7 Kf3 73. Bd6 g3 74. hxg3 fxg3 75. Be7 Be4 0-1

[Event "POL-chT U19 1st League"]
[Site "Maslow Pierwszy"]
[Date "2014.07.25"]
[Round "1"]
[White "Chmielewski, Jakub"]
[Black "Wisniewski, Michal"]
[Result "1/2-1/2"]
[WhiteElo "1936"]
[BlackElo "1899"]
[PlyCount "119"]
[EventDate "2014.07.25"]
[EventType "team-tourn"]
[EventRounds "9"]
[EventCountry "POL"]
[SourceTitle "EXT 2015"]
[Source "ChessBase"]
[SourceDate "2014.11.20"]
[SourceVersion "1"]
[SourceVersionDate "2014.11.20"]
[SourceQuality "1"]
[WhiteTeam "Wroclaw MUKS MDK Srodmiescie U19"]
[BlackTeam "Opole Rodlo U19"]
[WhiteTeamCountry "POL"]
[BlackTeamCountry "POL"]

1. e4 c5 2. Nf3 d6 3. d4 cxd4 4. Nxd4 Nf6 5. Nc3 g6 6. Be3 Bg7 7. f3 0-0 8. Qd2 Nc6 9. 0-0-0 d5 10. Kb1 Nxd4 11. e5 Nf5 12. exf6 exf6 13. Bc5 d4 14. Bxf8 Qxf8 15. Ne2 Ne3 16. Rc1 Bh6 17. Qxd4 Nf5 18. Qxf6 Bg7 19. Qg5 Bh6 20. Qf6 Bg7 21. Qg5 Bh6 22. Qg4 Bxc1 23. Nxc1 Be6 24. Bd3 Ne3 25. Qd4 Qe7 26. g4 Bd5 27. Re1 Re8 28. Rxe3 Bxa2+ 29. Kxa2 Qxe3 30. Qxe3 Rxe3 31. Be4 b6 32. c4 Kg7 33. h4 f5 34. gxf5 gxf5 35. Bd5 Kf6 36. b4 Ke5 37. Nb3 h6 38. Kb2 Re2+ 39. Kc3 Re3+ 40. Kc2 h5 41. Nd2 Re2 42. Kd3 Rh2 43. Bf7 Rxh4 44. Nf1 Rd4+ 45. Ke3 h4 46. Nh2 Rd1 47. f4+ Kf6 48. Bd5 b5 49. Nf3 bxc4 50. Bxc4 h3 51. b5 Rb1 52. Be2 Rb4 53. Bd3 Rb2 54. Be2 Rb4 55. Bf1 Re4+ 56. Kf2 Rxf4 57. Bxh3 Rb4 58. Bf1 Ke6 59. Bd3 Kd5 60. Ke3 1/2-1/2

[Event "SVK-ch op"]
[Site "Banska Stiavnica"]
[Date "2013.07.08"]
[Round "3"]
[White "Pinter, Erik"]
[Black "Chmielewski, Jakub"]
[Result "1-0"]
[WhiteElo "2364"]
[BlackElo "1880"]
[PlyCount "65"]
[EventDate "2013.07.06"]
[EventType "swiss"]
[EventRounds "9"]
[EventCountry "SVK"]
[SourceTitle "CBM 155 Extra"]
[Source "ChessBase"]
[SourceDate "2013.08.26"]
[SourceVersion "1"]
[SourceVersionDate "2013.08.26"]
[SourceQuality "1"]

1. e4 c5 2. Nf3 d6 3. c3 Nf6 4. Bd3 Nc6 5. Bc2 Bg4 6. d3 e6 7. Nbd2 d5 8. h3 Bh5 9. Qe2 Be7 10. g4 Bg6 11. Nh4 b5 12. 0-0 c4 13. Nxg6 hxg6 14. Kg2 Qc7 15. f4 0-0-0 16. e5 Nd7 17. Nf3 Nc5 18. d4 Nd7 19. Ng5 Bxg5 20. fxg5 Rdf8 21. Rf3 b4 22. Qf2 f5 23. gxf6 gxf6 24. exf6 e5 25. Bxg6 e4 26. Rf5 bxc3 27. bxc3 Qa5 28. Bd2 Nd8 29. h4 Ne6 30. h5 Qc7 31. g5 Nd8 32. Rxd5 Nb6 33. Rc5 1-0

[Event "POL-chT U19 2nd League"]
[Site "Borowice"]
[Date "2012.07.25"]
[Round "7"]
[White "Chmielewski, Jakub"]
[Black "Jaskolka, Tomasz"]
[Result "0-1"]
[WhiteElo "1782"]
[BlackElo "2028"]
[PlyCount "116"]
[EventDate "2012.07.21"]
[EventType "team-swiss"]
[EventRounds "11"]
[EventCountry "POL"]
[SourceTitle "EXT 2014"]
[Source "ChessBase"]
[SourceDate "2013.11.20"]
[SourceVersion "1"]
[SourceVersionDate "2013.11.20"]
[SourceQuality "1"]
[WhiteTeam "Wroclaw MUKS MDK Srodmiescie U19 II"]
[BlackTeam "Krosno KKSz Urania U19"]
[WhiteTeamCountry "POL"]
[BlackTeamCountry "POL"]

1. Nf3 Nf6 2. g3 c5 3. Bg2 Nc6 4. 0-0 g6 5. d3 Bg7 6. e4 d6 7. h3 Bd7 8. c3 e5 9. Be3 0-0 10. Nbd2 b5 11. d4 cxd4 12. cxd4 Rc8 13. a3 a6 14. d5 Na5 15. Rc1 Nh5 16. b4 Nc4 17. Nxc4 Rxc4 18. Rxc4 bxc4 19. Nd2 c3 20. Nb1 Qc8 21. Qc2 Bxh3 22. Nxc3 Nf4 23. gxf4 Bxg2 24. Kxg2 Qg4+ 25. Kh1 exf4 26. Bxf4 Qxf4 27. Qd3 Bxc3 28. Qxc3 Qxe4+ 29. f3 Qxd5 30. Re1 Qf5 31. Qc6 Rc8 32. Re8+ Rxe8 33. Qxe8+ Kg7 34. Qc6 Qh3+ 35. Kg1 Qg3+ 36. Kf1 h5 37. Qxa6 h4 38. Qe2 h3 39. b5 h2 40. Qg2 Qe5 41. Qh1 Qxb5+ 42. Kg2 Qb2+ 43. Kg3 Qxa3 44. Qxh2 Qc3 45. Qa2 Qe5+ 46. Kg2 d5 47. Qa5 Qe2+ 48. Kg3 d4 49. Qd5 Qe3 50. Qc5 f6 51. Qc7+ Kh6 52. Qd8 d3 53. Qf8+ Kg5 54. Qb8 d2 55. Qb5+ Kh6 56. Qd7 Qg1+ 57. Kf4 Qg5+ 58. Ke4 Qe5+ 0-1

[Event "POL-chT U19 3rd League Dolnoslaskie"]
[Site "Karpacz"]
[Date "2012.??.??"]
[Round "2.8"]
[White "Koza, Stanislaw"]
[Black "Chmielewski, Jakub"]
[Result "0-1"]
[WhiteElo "1551"]
[BlackElo "1754"]
[PlyCount "86"]
[EventDate "2012.03.30"]
[EventType "team-tourn"]
[EventRounds "6"]
[EventCountry "POL"]
[SourceTitle "EXT 2015"]
[Source "ChessBase"]
[SourceDate "2014.11.20"]
[SourceVersion "1"]
[SourceVersionDate "2014.11.20"]
[SourceQuality "1"]
[WhiteTeam "Wroclaw KS Polonia U19 III"]
[BlackTeam "Wroclaw MUKS MDK Srodmiescie U19 III"]
[WhiteTeamCountry "POL"]
[BlackTeamCountry "POL"]

1. e4 c5 2. Nf3 d6 3. d4 cxd4 4. Nxd4 Nf6 5. Nc3 a6 6. Be3 e6 7. f3 Qc7 8. Qd2 Be7 9. 0-0-0 b5 10. g4 Nc6 11. g5 Nd7 12. h4 Nde5 13. f4 Nc4 14. Bxc4 bxc4 15. Rdf1 Rb8 16. f5 Ne5 17. f6 Bf8 18. fxg7 Bxg7 19. Nf3 Qb7 20. b3 Qb4 21. Nxe5 Bxe5 22. Bd4 cxb3 23. Bxe5 bxa2 24. Qf2 Rf8 25. Kd2 dxe5 26. Ra1 Bb7 27. Qe3 Ke7 28. Rxa2 Rfd8+ 29. Ke2 Qc4+ 30. Kf3 Rbc8 31. Ra3 Rd4 32. Rb3 Bc6 33. Re1 Rcd8 34. Kg3 Rf8 35. Qf3 f5 36. gxf6+ Rxf6 37. Qe3 Rd8 38. Qg5 Qd4 39. Qg7+ Rf7 40. Qg5+ Kf8 41. Qh6+ Rg7+ 42. Kh3 Qf2 43. Re2 Qg3# 0-1

[Event "POL-ch U16"]
[Site "Murzasichle"]
[Date "2011.03.09"]
[Round "6"]
[White "Chmielewski, Jakub"]
[Black "Popiol, Michal"]
[Result "0-1"]
[WhiteElo "1765"]
[BlackElo "1803"]
[PlyCount "54"]
[EventDate "2011.03.05"]
[EventType "swiss"]
[EventRounds "9"]
[EventCountry "POL"]
[SourceTitle "EXT 2012"]
[Source "ChessBase"]
[SourceDate "2011.11.24"]
[SourceVersion "1"]
[SourceVersionDate "2011.11.24"]
[SourceQuality "1"]

1. e4 c5 2. Nf3 d6 3. d4 cxd4 4. Nxd4 Nf6 5. Nc3 a6 6. Bg5 e6 7. f4 Bd7 8. Qd2 Be7 9. 0-0-0 Nc6 10. Be2 b5 11. Bf3 Rc8 12. Nxc6 Bxc6 13. Bxf6 gxf6 14. f5 b4 15. Ne2 e5 16. Qxb4 d5 17. Qb3 d4 18. Kb1 Qa5 19. Rc1 0-0 20. c3 d3 21. Ng3 Rb8 22. Qd1 Ba3 23. b3 Ba4 24. Nh5 Bxb3 25. axb3 Bxc1 26. Nxf6+ Kh8 27. Nd5 Qa3 0-1

[Event "POL-ch U16"]
[Site "Murzasichle"]
[Date "2011.03.07"]
[Round "4"]
[White "Suliborski, Jakub"]
[Black "Chmielewski, Jakub"]
[Result "1/2-1/2"]
[WhiteElo "1876"]
[BlackElo "1765"]
[PlyCount "116"]
[EventDate "2011.03.05"]
[EventType "swiss"]
[EventRounds "9"]
[EventCountry "POL"]
[SourceTitle "EXT 2012"]
[Source "ChessBase"]
[SourceDate "2011.11.24"]
[SourceVersion "1"]
[SourceVersionDate "2011.11.24"]
[SourceQuality "1"]

1. e4 c5 2. Nf3 d6 3. d4 cxd4 4. Nxd4 Nf6 5. Nc3 a6 6. Be3 e5 7. Nb3 Be7 8. Be2 0-0 9. 0-0 b5 10. f3 Bb7 11. Qd2 d5 12. exd5 Nxd5 13. Nxd5 Qxd5 14. Qxd5 Bxd5 15. Rfd1 Be6 16. Nc5 Bxc5 17. Bxc5 Rc8 18. Be3 Nd7 19. c3 Rc6 20. Rd2 Nb6 21. Bxb6 Rxb6 22. a4 Bc4 23. axb5 Bxe2 24. Rxe2 Rxb5 25. b4 Kf8 26. Rea2 Rc8 27. Ra3 Rb6 28. Kf2 Rbc6 29. Rc1 Rc4 30. Rb3 Ke7 31. Ke3 f5 32. Kd2 Ke6 33. Ra1 R8c6 34. Ra5 e4 35. Rba3 e3+ 36. Kxe3 Rxc3+ 37. Rxc3 Rxc3+ 38. Kd4 Rc6 39. f4 g6 40. Rc5 Kd6 41. Ra5 Ke6 42. h4 Kd6 43. h5 Ke6 44. h6 Kd6 45. Ra2 Rb6 46. Rb2 Rb8 47. Rb3 a5 48. b5 a4 49. Ra3 Rxb5 50. Rxa4 Rd5+ 51. Ke3 Ke6 52. Ra7 Rd7 53. Ra6+ Kf7 54. Ra8 Kf6 55. Rg8 Ke6 56. Kf3 Kf6 57. g4 fxg4+ 58. Kxg4 Rf7 1/2-1/2

[Event "POL-ch U14"]
[Site "Sekocin Stary"]
[Date "2010.05.04"]
[Round "7"]
[White "Eggink, Mateusz"]
[Black "Chmielewski, Jakub"]
[Result "1-0"]
[WhiteElo "1820"]
[BlackElo "1744"]
[PlyCount "89"]
[EventDate "2010.05.01"]
[EventType "swiss"]
[EventRounds "10"]
[EventCountry "POL"]
[SourceTitle "EXT 2011"]
[Source "ChessBase"]
[SourceDate "2010.11.26"]
[SourceVersion "1"]
[SourceVersionDate "2010.11.26"]
[SourceQuality "1"]

1. d4 Nf6 2. c4 g6 3. Nc3 Bg7 4. e4 d6 5. f4 0-0 6. Nf3 c5 7. d5 e5 8. fxe5 Ng4 9. Be2 Nxe5 10. 0-0 f5 11. Kh1 f4 12. Nxe5 Bxe5 13. Bg4 Qh4 14. Bxc8 Rxc8 15. Qe1 Qxe1 16. Rxe1 Bxc3 17. bxc3 g5 18. e5 Re8 19. e6 Nd7 20. Bxf4 gxf4 21. exd7 Rxe1+ 22. Rxe1 Kf7 23. Re6 Rd8 24. Rh6 Kg7 25. Rxd6 b6 26. Kg1 Kf7 27. Kf2 Ke7 28. Rh6 Rh8 29. Kf3 Kxd7 30. Kxf4 Rf8+ 31. Ke3 Re8+ 32. Kd3 Re7 33. g4 Rg7 34. g5 Kc7 35. h4 Kb7 36. Ke4 a5 37. Kf5 a4 38. Kf6 Rd7 39. a3 Ka6 40. Ke6 Rd8 41. Ke7 Rb8 42. d6 Kb7 43. d7 Kc7 44. Rd6 Rd8 45. Rc6+ 1-0

[Event "POL-ch U14"]
[Site "Sekocin Stary"]
[Date "2010.05.03"]
[Round "5"]
[White "Chmielewski, Jakub"]
[Black "Knapik, Andrzej2222"]
[Result "1-0"]
[WhiteElo "1744"]
[BlackElo "1871"]
[PlyCount "75"]
[EventDate "2010.05.01"]
[EventType "swiss"]
[EventRounds "10"]
[EventCountry "POL"]
[SourceTitle "EXT 2011"]
[Source "ChessBase"]
[SourceDate "2010.11.26"]
[SourceVersion "1"]
[SourceVersionDate "2010.11.26"]
[SourceQuality "1"]

1. e4 e6 2. d4 d5 3. Nc3 Bb4 4. e5 Qd7 5. a3 Bxc3+ 6. bxc3 b6 7. Qg4 f5 8. Qg3 Ba6 9. Bxa6 Nxa6 10. Ne2 Nb8 11. Nf4 Nc6 12. Nxe6 g6 13. Nf4 0-0-0 14. 0-0 Nge7 15. a4 Rdg8 16. Ba3 g5 17. Nh5 Qe6 18. Nf6 Rg6 19. Bxe7 Nxe7 20. a5 b5 21. a6 h5 22. Rfb1 c6 23. Ra5 Ng8 24. Nxg8 Rhxg8 25. Rd1 Rd8 26. Raa1 Rd7 27. Rd2 Rg8 28. Qh3 h4 29. f4 gxf4 30. Qxh4 f3 31. g3 f4 32. Qxf4 Rf7 33. Qe3 Qh3 34. Rf2 Rxg3+ 35. hxg3 Qxg3+ 36. Kf1 Qh3+ 37. Ke1 Qh1+ 38. Rf1 1-0

[Event "POL-ch U14"]
[Site "Sekocin Stary"]
[Date "2010.05.02"]
[Round "2"]
[White "Cichy, Kamil"]
[Black "Chmielewski, Jakub"]
[Result "1/2-1/2"]
[WhiteElo "1912"]
[BlackElo "1744"]
[PlyCount "83"]
[EventDate "2010.05.01"]
[EventType "swiss"]
[EventRounds "10"]
[EventCountry "POL"]
[SourceTitle "EXT 2011"]
[Source "ChessBase"]
[SourceDate "2010.11.26"]
[SourceVersion "1"]
[SourceVersionDate "2010.11.26"]
[SourceQuality "1"]

1. e4 e5 2. Nf3 Nc6 3. Bc4 Nf6 4. d3 Bc5 5. c3 d6 6. b4 Bb6 7. Nbd2 0-0 8. 0-0 Be6 9. a4 a6 10. Qb3 Qd7 11. Bxe6 fxe6 12. Nc4 Ba7 13. b5 Ne7 14. b6 cxb6 15. Nxb6 Bxb6 16. Qxb6 Ng6 17. Ba3 Rfd8 18. Rfb1 Rab8 19. g3 d5 20. exd5 exd5 21. d4 e4 22. Ne5 Nxe5 23. dxe5 Ng4 24. Bd6 Rbc8 25. Qd4 Qf7 26. Rb4 a5 27. Rb5 Kh8 28. h3 Rc4 29. Qb6 Rdc8 30. hxg4 d4 31. Rc5 R4xc5 32. Bxc5 e3 33. f4 Qd5 34. Bxd4 Qf3 35. Qb2 e2 36. Bf2 Rd8 37. Re1 Rd1 38. Qa3 Kg8 39. Qb3+ Kh8 40. Qf7 h6 41. Qf8+ Kh7 42. Qf5+ 1/2-1/2

[Event "Polanica Zdroj op-C 44th"]
[Site "Polanica Zdroj"]
[Date "2008.08.21"]
[Round "3"]
[White "Gadek, Michal"]
[Black "Chmielewski, Jakub"]
[Result "1-0"]
[WhiteElo "1829"]
[BlackElo "1733"]
[PlyCount "107"]
[EventDate "2008.08.19"]
[EventType "swiss"]
[EventRounds "9"]
[EventCountry "POL"]
[SourceTitle "CBM 126 Extra"]
[Source "ChessBase"]
[SourceDate "2008.11.05"]
[SourceVersion "1"]
[SourceVersionDate "2008.11.05"]
[SourceQuality "1"]

1. d4 Nf6 2. c4 g6 3. Nc3 Bg7 4. e4 d6 5. f4 0-0 6. Nf3 c5 7. d5 a6 8. a4 e5 9. fxe5 Ng4 10. Be2 Nxe5 11. 0-0 f5 12. Bf4 Nbd7 13. Ng5 Nb6 14. Ne6 Bxe6 15. dxe6 Qe7 16. Nd5 Nxd5 17. exd5 Rae8 18. Qd2 Kh8 19. Bh6 Qh4 20. Bxg7+ Kxg7 21. Qf4 Qxf4 22. Rxf4 g5 23. Rff1 Kf6 24. a5 Ke7 25. b4 Rc8 26. b5 Rb8 27. Rab1 f4 28. Rb3 g4 29. bxa6 bxa6 30. Rfb1 Rxb3 31. Rxb3 f3 32. Rb7+ Kf6 33. gxf3 gxf3 34. Bf1 Kg6 35. e7 Re8 36. Rb6 Rxe7 37. Rxd6+ Kg5 38. Rxa6 Rf7 39. Re6 f2+ 40. Kg2 Ng4 41. h3 Nh6 42. Re2 Ra7 43. Kxf2 Rxa5 44. Re7 Ra2+ 45. Re2 Ra3 46. d6 Ra8 47. Re5+ Kf6 48. Rxc5 Rd8 49. Rd5 Nf7 50. c5 Ne5 51. Bb5 Ke6 52. Rd1 h5 53. c6 Rxd6 54. c7 1-0

[Event "EU Union-ch U12"]
[Site "Mureck"]
[Date "2008.08.11"]
[Round "6"]
[White "Chmielewski, Jakub"]
[Black "Markoja, Sebastijan"]
[Result "0-1"]
[WhiteElo "1733"]
[BlackElo "1791"]
[PlyCount "104"]
[EventDate "2008.08.06"]
[EventType "swiss"]
[EventRounds "9"]
[EventCountry "AUT"]
[SourceTitle "CBM 126 Extra"]
[Source "ChessBase"]
[SourceDate "2008.11.05"]
[SourceVersion "1"]
[SourceVersionDate "2008.11.05"]
[SourceQuality "1"]

1. e4 c5 2. Nf3 Nc6 3. d4 cxd4 4. Nxd4 Nf6 5. Nc3 Rb8 6. Nxc6 bxc6 7. e5 Nd5 8. Nxd5 cxd5 9. Qxd5 Qc7 10. c3 e6 11. Qd4 Bc5 12. Qf4 Bb7 13. Qg3 Rg8 14. Bd3 g6 15. 0-0 h5 16. h4 Qc6 17. Re1 d5 18. b4 Be7 19. a4 a6 20. Bd2 Qb6 21. Be3 Qc7 22. Bd4 Qd8 23. b5 Bxh4 24. Qe3 axb5 25. Bxb5+ Kf8 26. Bb6 Qc8 27. a5 Ra8 28. Qc5+ Qxc5 29. Bxc5+ Be7 30. Be3 Kg7 31. a6 Bc8 32. Bc6 Rxa6 33. Rxa6 Bxa6 34. Ra1 Bc4 35. Ra7 Bd8 36. Bd7 Kh8 37. Kh2 g5 38. f3 g4 39. f4 Bd3 40. Bd4 h4 41. Bc6 g3+ 42. Kg1 Kg7 43. Bxd5 exd5 44. e6+ Kg6 45. e7 Bxe7 46. Rxe7 Be4 47. Ra7 Rb8 48. Ra1 Rb2 49. Re1 Rxg2+ 50. Kf1 h3 51. Rxe4 dxe4 52. c4 Rc2 0-1

[Event "POL-ch U12"]
[Site "Ustron"]
[Date "2008.03.16"]
[Round "11"]
[White "Chmielewski, Jakub"]
[Black "Chmielecki, Michal"]
[Result "1/2-1/2"]
[WhiteElo "1737"]
[BlackElo "1677"]
[PlyCount "125"]
[EventDate "2008.03.08"]
[EventType "swiss"]
[EventRounds "11"]
[EventCountry "POL"]
[SourceTitle "EXT 2010"]
[Source "ChessBase"]
[SourceDate "2010.11.25"]
[SourceVersion "1"]
[SourceVersionDate "2010.11.25"]
[SourceQuality "1"]

1. e4 c5 2. Nf3 Nc6 3. d4 cxd4 4. Nxd4 g6 5. c4 Bg7 6. Nc2 Nf6 7. Nc3 d6 8. Be2 0-0 9. Be3 Qa5 10. 0-0 Ne5 11. Nd5 Re8 12. f4 Nc6 13. b4 Qd8 14. Nxf6+ Bxf6 15. f5 Ne5 16. Nd4 b6 17. g4 Bb7 18. g5 Bg7 19. Bd3 Rc8 20. Rc1 Bc6 21. Nf3 a6 22. Nxe5 Bxe5 23. Rf3 b5 24. Rh3 bxc4 25. fxg6 fxg6 26. Bxc4+ e6 27. Qg4 d5 28. Bxa6 Bb7 29. Rxc8 Qxc8 30. Qh4 Qc7 31. Bb5 Re7 32. Bc5 Bd6 33. Qf2 Bxc5 34. Qxc5 Qxc5+ 35. bxc5 d4 36. c6 Bc8 37. Rd3 e5 38. Ra3 Kf7 39. Ra8 Be6 40. a4 Rc7 41. Kf2 Ke7 42. a5 Kd6 43. Rd8+ Ke7 44. Rb8 Kd6 45. Rb7 Rc8 46. a6 Rf8+ 47. Ke1 Bc8 48. Rb8 Bxa6 49. Rxf8 Bxb5 50. Rf7 Bxc6 51. Rxh7 Bxe4 52. Rf7 Bf5 53. h4 Bd3 54. Kd2 Bb1 55. Rb7 Bf5 56. h5 gxh5 57. g6 Ke6 58. g7 Bh7 59. Rb6+ Kf7 60. Rh6 Kxg7 61. Rxh5 e4 62. Rd5 d3 63. Rd6 1/2-1/2

[Event "POL-ch U12"]
[Site "Ustron"]
[Date "2008.03.11"]
[Round "5"]
[White "Chmielewski, Jakub"]
[Black "Lapaj, Mateusz"]
[Result "1-0"]
[WhiteElo "1737"]
[BlackElo "1763"]
[PlyCount "93"]
[EventDate "2008.03.08"]
[EventType "swiss"]
[EventRounds "11"]
[EventCountry "POL"]
[SourceTitle "EXT 2010"]
[Source "ChessBase"]
[SourceDate "2010.11.25"]
[SourceVersion "1"]
[SourceVersionDate "2010.11.25"]
[SourceQuality "1"]

1. Nf3 e6 2. d4 f5 3. c4 d5 4. Nc3 Nf6 5. Bf4 c6 6. e3 Be7 7. Bd3 0-0 8. Qc2 Ne4 9. g4 Bd7 10. Ne5 Na6 11. a3 Rc8 12. gxf5 exf5 13. Ke2 Be6 14. c5 Nb8 15. f3 Nxc3+ 16. bxc3 Bg5 17. Bxg5 Qxg5 18. Rag1 Qf6 19. h4 Nd7 20. f4 Nxe5 21. dxe5 Qe7 22. Qb1 Rb8 23. Qb4 Qd7 24. a4 b6 25. Rb1 Qc7 26. cxb6 axb6 27. Qd6 Qxd6 28. exd6 Rfd8 29. Rb2 Rd7 30. Rhb1 Rxd6 31. Rxb6 Ra8 32. Rb8+ Rd8 33. Rxd8+ Rxd8 34. a5 Ra8 35. a6 c5 36. Bb5 Ra7 37. Bd3 h6 38. Rb8+ Kh7 39. Rb7 Ra8 40. a7 Kg6 41. Bb5 d4 42. cxd4 cxd4 43. exd4 Bd5 44. Rc7 Kh7 45. Kd3 Bg2 46. Kc4 h5 47. d5 1-0